00970nam a2200229 a 450000100100000000500170001000800410002704000250006804100390009308200170013210000380014924501980018726000310038530000280041650000210044465000360046565000240050170000350052570000420056095201210060299900170072300002386920200930022529.0110114s1966 sp a r 001 0 spa d aDO-SdBNPbspacBNPHU17aspaheng2Código de idiomas MARC a621.3bF553f1 aFitzgerald, Arthur Eugene,94910210aFundamentos de ingeniería eléctrica y electrónica /cA. E. Fitzgerald y David E. Higginbotham ; traducción de Carlos Pérez Martinez... revisión técnica de Domingo Guinea Guerrero. aMadrid :bCastillo,c1966. a606 p. :bil. ;c23 cm. aIncluye índice 4aIngeniería eléctrica921862 4aElectricidad9491031 aHigginbotham, David E.,9491041 aPérez Martinez, Carlos,etr.949105 001052708MOaGRbGRcCTd2011-01-14iLF1l0o621.3 F553fp23869-10r2020-06-25w2020-06-25y2ZPréstamo interno c23365d23365